000 00438nam a22001337a 4500
003 OSt
082 _a630
088 _aP548
100 _aANUSREE, K. DEEPAK ,
_aGAYATHRI MENON T
_aGOPIKA, P. D
_a SURAJ, KUMAR
_95341
245 _aASSESMENT OF NEUTRALITY AND SUSTAINABILITY OF KCAET CAMPUS
260 _aThavanur
_KKelappaji College of Agricultural Engineering and Technology
_c2022
700 _aDr. Anu varghese (Guide)
_95342
942 _cPR
999 _c17600
_d17600